000 00580nam a2200205Ia 4500
005 20250326144247.0
008 250326s9999 xx 000 0 und d
020 _a978-0-8213-7213-5
037 _aTextbook
040 _aFMSL
_beng
_cFMSL
041 _aeng
_2eng
084 _aX8(A):8.4 P8
_qFMSL
100 _aYusuf S
_9749333
245 0 _aGrowing industrial clusters in Asia
_cYusuf S And Others
260 _aWashington
_bWashington, World Bank
_c2008
300 _axvii,283
365 _b1516.2
942 _cTB
_hX8(A):8.4 P8
999 _c1303028
_d1303028